000 01248cam a2200325 a 4500
001 15712399
003 USPCAS-E0
005 20180118181419.0
008 090424s2009 njuab b 001 0 eng
010 _a 2009017410
020 _a9781848211353
040 _aDLC
_cDLC
_dDLC
041 1 _aeng
_hfre
042 _apcc
050 0 0 _aTJ808
_b.N6913 2009
082 0 0 _a621.042
_222
_bREN 2009
130 0 _aÉnergies renouvelables.
_lEnglish
245 1 0 _aRenewable energies /
_cedited by Jean-Claude Sabonnadière.
260 _aHoboken, NJ :
_bISTE Ltd/John Wiley & Sons,
_c2009.
300 _axxii, 477 p. :
_bill., maps ;
_c24 cm.
500 _aOriginally published: Paris : Hermès science, 2006: under title: Nouvelles technologies de l'énergie, Pt. 1. Énergies renouvelables.
502 _a.
504 _aIncludes bibliographical references and index.
650 0 _aRenewable energy sources.
700 1 _aSabonnadière, Jean-Claude
856 4 2 _3Publisher description
_uhttp://www.loc.gov/catdir/enhancements/fy1003/2009017410-d.html
906 _a7
_bcbc
_corignew
_d1
_eecip
_f20
_gy-gencatlg
942 _2ddc
_cBK
999 _c355974
_d355974